000 01118nam a22003617a 4500
003 OSt
005 20230503081044.0
008 221006b |||||||| |||| 00| 0 eng d
040 _cBiblioteca Lado V
082 _a700
_bO48e
100 _9294
_aOlivares, Rosa
_eeditor
245 _aExit/
260 _bOlivares y Asociados S.L.
_aEspaña
_c2006
300 _c21x26cm
_a186p.
366 _espa
490 _a21
_v2006
505 _tEditorial.
505 _tLa escena del crimen
505 _tFotografia
505 _tMarcos Vilariño
505 _tCine
505 _tArte Universal
505 _tVik Muniz
505 _tIndice de artistas
650 _2Tesauro de Arte & Arquitectura
_aARTE
_9703
650 _2Tesauro de Arte & Arquitectura
_aEXPOSICIONES
650 _2Tesauro de Arte & Arquitectura
_aCULTURA
650 _2Tesauro de Arte & Arquitectura
_aAPRECIACION
650 _2Tesauro de Arte & Arquitectura
_aTEORIA
650 _2Tesauro de Arte & Arquitectura
_aLITERATURA
650 _2Tesauro de Arte & Arquitectura
_aESPAÑA
942 _2ddc
_c1
_h700
_iO48e
_n0
999 _c3506
_d3506